[Event "Tatry Open 2014"]
[Site "Tatranske Zruby SVK"]
[Date "2014.09.28"]
[Round "1.27"]
[White "Jossien, R."]
[Black "Andras, T."]
[Result "0-1"]
[WhiteElo "2262"]
[BlackElo "2106"]
[PlyCount "155"]
[EventDate "2014.09.28"]

1. e4 e5 2. Nf3 Nc6 3. Bc4 Nf6 4. d3 Bc5 5. c3 a6 6. O-O O-O 7. Bg5 d6 8. Nbd2
h6 9. Bh4 g5 10. Bg3 g4 11. Nh4 Nh5 12. b4 Ba7 13. a4 Nxg3 14. hxg3 Qg5 15. Re1
Kg7 16. Nf1 f5 17. exf5 Bxf5 18. Ne3 Bd7 19. Ra2 Rf6 20. Nd5 Rff8 21. Nxc7 Qf6
22. Ree2 Rac8 23. Nd5 Qg5 24. b5 Na5 25. b6 Bb8 26. Re4 h5 27. Kh2 Be6 28. Ne3
Bxc4 29. dxc4 Rc6 30. Rb2 Rc5 31. Qd3 Rf7 32. f3 gxf3 33. Nxf3 Qg6 34. Nh4 Qg5
35. Rb1 Kh6 36. Nf3 Qg6 37. Rf1 Rg7 38. Qd2 Kh7 39. Rh4 d5 40. Kh1 e4 41. Nd4
Bxg3 42. Rh3 Nxc4 43. Nxc4 dxc4 44. Qe3 Bd6 45. Qe2 Rg5 46. Rf5 Kh6 47. Qe3 Rf7
48. Rxf7 Qxf7 49. Kg1 Qf4 50. Ne6 Qxe3+ 51. Rxe3 Re5 52. Nd4 Bc5 53. a5 Bxd4
54. cxd4 Rxa5 55. Rxe4 c3 56. Re1 Rb5 57. Rc1 Rxb6 58. Rxc3 Rd6 59. Rc7 b5 60.
d5 Kg5 61. Rc6 Rxd5 62. Rxa6 Kf4 63. Kh2 Ke3 64. Kh3 b4 65. Rb6 Rd4 66. g3 Kd2
67. Rb5 Kc3 68. Rxh5 b3 69. Rc5+ Rc4 70. Rf5 b2 71. Rf1 Kc2 72. g4 b1=Q 73.
Rxb1 Kxb1 74. Kh4 Kc2 75. Kh5 Kd3 76. g5 Ke4 77. g6 Kf5 78. g7 0-1

[Event "Tatry Open 2014"]
[Site "Tatranske Zruby SVK"]
[Date "2014.09.28"]
[Round "1.28"]
[White "Vesely, T."]
[Black "Szotkowski, J."]
[Result "0-1"]
[WhiteElo "2105"]
[BlackElo "2262"]
[PlyCount "64"]
[EventDate "2014.09.28"]

1. e4 c5 2. Nf3 Nc6 3. Bb5 e6 4. O-O Nge7 5. Re1 a6 6. Bf1 b5 7. a4 b4 8. d4
Nxd4 9. Nxd4 cxd4 10. Qxd4 Nc6 11. Qe3 Be7 12. Nd2 O-O 13. e5 f6 14. Nc4 fxe5
15. Nxe5 Nxe5 16. Qxe5 Bb7 17. Bd3 Qb6 18. Be3 Qc6 19. f3 Bf6 20. Qh5 g6 21.
Qg4 Bxb2 22. Rab1 Bc3 23. Bd4 a5 24. Rb3 Bxd4+ 25. Qxd4 Qd5 26. Qh4 Bc6 27. Qg4
Rf7 28. Bc4 Qc5+ 29. Rbe3 Bxa4 30. Kh1 Bxc2 31. Re5 d5 32. Rxe6 Qxc4 0-1

[Event "Tatry Open 2014"]
[Site "Tatranske Zruby SVK"]
[Date "2014.09.28"]
[Round "1.29"]
[White "Malik, J."]
[Black "Paulovic, Ma"]
[Result "1-0"]
[WhiteElo "2253"]
[BlackElo "2102"]
[PlyCount "67"]
[EventDate "2014.09.28"]

1. e4 e6 2. d4 d5 3. Nc3 Nf6 4. Bg5 Be7 5. e5 Nfd7 6. h4 c5 7. Bxe7 Kxe7 8. Qd2
Kf8 9. dxc5 Nc6 10. O-O-O Qa5 11. Kb1 Qxc5 12. f4 Nb6 13. Nf3 h5 14. Nb5 g6 15.
Nd6 a5 16. Ng5 f6 17. Nxc8 fxg5 18. Nxb6 Qxb6 19. hxg5 Kg7 20. Bd3 Ne7 21. Rh4
a4 22. a3 Qd4 23. g3 Nf5 24. Bxf5 Qxd2 25. Rxd2 gxf5 26. Rd4 b5 27. Rb4 Rab8
28. Rh2 Kg6 29. b3 Rhc8 30. Kb2 axb3 31. cxb3 Rc5 32. a4 Rbc8 33. axb5 Rc3 34.
b6 1-0

[Event "Tatry Open 2014"]
[Site "Tatranske Zruby SVK"]
[Date "2014.09.28"]
[Round "1.30"]
[White "Tropp, F."]
[Black "Pribyl, Jo"]
[Result "1/2-1/2"]
[WhiteElo "2101"]
[BlackElo "2244"]
[PlyCount "44"]
[EventDate "2014.09.28"]

1. e4 d6 2. d4 Nf6 3. Nc3 g6 4. Nf3 Bg7 5. Bd3 O-O 6. h3 c6 7. a4 Nbd7 8. O-O
e5 9. Be3 Qe7 10. Re1 Re8 11. Qd2 a5 12. Rad1 Nf8 13. dxe5 dxe5 14. Bc4 Qb4 15.
Bb3 Be6 16. Nxe5 Bxb3 17. Nd3 Nxe4 18. Qc1 Qe7 19. cxb3 Nxc3 20. bxc3 Ne6 21.
c4 Qc7 22. Nc5 Rad8 1/2-1/2

[Event "Tatry Open 2014"]
[Site "Tatranske Zruby SVK"]
[Date "2014.09.28"]
[Round "1.31"]
[White "Skreno, V."]
[Black "Chovan, Milan"]
[Result "1/2-1/2"]
[WhiteElo "2244"]
[BlackElo "2093"]
[PlyCount "88"]
[EventDate "2014.09.28"]

1. d4 d5 2. Nf3 Nf6 3. c4 c6 4. cxd5 cxd5 5. Nc3 a6 6. Bf4 Nc6 7. e3 Bg4 8. h3
Bxf3 9. Qxf3 e6 10. Bd3 Bd6 11. Bg5 h6 12. Bh4 O-O 13. O-O Be7 14. Rac1 Qd7 15.
a3 Rac8 16. Rc2 Na5 17. Qe2 b5 18. Rfc1 Nc4 19. Nb1 Rfd8 20. a4 Qb7 21. b3 Nd6
22. Rxc8 Rxc8 23. Rxc8+ Qxc8 24. axb5 axb5 25. Qc2 Qxc2 26. Bxc2 g5 27. Bg3
Nfe4 28. Bh2 b4 29. f3 Nf6 30. Nd2 Nb5 31. Bg3 Ne8 32. Bd3 Nc3 33. Be1 Nc7 34.
Kf2 N7b5 35. Nb1 Kg7 36. g4 Bd6 37. Bxb5 Nxb5 38. Ke2 Na7 39. Kd3 Nc6 40. Nd2
Kg6 41. e4 Bf4 42. Nf1 f6 43. Bd2 Kf7 44. Be1 Kg6 1/2-1/2

[Event "Tatry Open 2014"]
[Site "Tatranske Zruby SVK"]
[Date "2014.09.28"]
[Round "1.32"]
[White "Lukac, R."]
[Black "Sejkora, V."]
[Result "1/2-1/2"]
[WhiteElo "2092"]
[BlackElo "2243"]
[PlyCount "101"]
[EventDate "2014.09.28"]

1. e4 c5 2. Nf3 Nf6 3. Nc3 Nc6 4. d4 d5 5. exd5 Nxd5 6. Nxd5 Qxd5 7. Be3 cxd4
8. Nxd4 a6 9. Be2 e5 10. Nxc6 Qxc6 11. O-O Be6 12. c4 Be7 13. Qc2 O-O 14. Rac1
f5 15. f4 e4 16. c5 Kh8 17. b4 Rfc8 18. Bd4 Bf8 19. Qb2 Qa4 20. a3 Rd8 21. Be3
Qe8 22. Rfd1 Be7 23. Rxd8 Rxd8 24. Rd1 Rxd1+ 25. Bxd1 Bf6 26. Qd2 h6 27. Kf2
Bc4 28. Qd6 Qf7 29. g4 fxg4 30. Bxg4 Qg6 31. h3 h5 32. Qb8+ Kh7 33. f5 Bh4+ 34.
Kg2 Qf7 35. Bd1 Qxf5 36. Qf4 Qg6+ 37. Kh2 Bf6 38. Ba4 Bb5 39. Bc2 Bd3 40. Bb3
Qe8 41. Qf5+ Kh8 42. Be6 Bb2 43. Qd5 g6 44. Kg2 Qf8 45. Bd4+ Bxd4 46. Qxd4+ Kh7
47. Qf2 Qd8 48. Qf4 Qh8 49. h4 Qb2+ 50. Kg3 Qg7 51. Qf7 1/2-1/2

[Event "Tatry Open 2014"]
[Site "Tatranske Zruby SVK"]
[Date "2014.09.28"]
[Round "1.33"]
[White "Belunek, V."]
[Black "Partys, P."]
[Result "1-0"]
[WhiteElo "2226"]
[BlackElo "2088"]
[PlyCount "31"]
[EventDate "2014.09.28"]

1. d4 Nf6 2. Nf3 e6 3. g3 c5 4. Bg2 cxd4 5. O-O Nc6 6. Nxd4 d5 7. c4 Qb6 8.
Nxc6 bxc6 9. Nc3 Ba6 10. cxd5 cxd5 11. Qa4+ Nd7 12. Be3 Qb7 13. Rfd1 Rb8 14.
Nxd5 exd5 15. Bxd5 Qc8 16. Bc6 1-0

[Event "Tatry Open 2014"]
[Site "Tatranske Zruby SVK"]
[Date "2014.09.28"]
[Round "1.34"]
[White "Miciak, M."]
[Black "Michalicka, M."]
[Result "1-0"]
[WhiteElo "2087"]
[BlackElo "2225"]
[PlyCount "135"]
[EventDate "2014.09.28"]

1. e4 c5 2. b4 cxb4 3. d4 d5 4. e5 Nc6 5. Bb5 Qa5 6. Bxc6+ bxc6 7. Nd2 e6 8.
Ne2 Ba6 9. O-O Nh6 10. Nb3 Qb5 11. Ng3 Nf5 12. Re1 Nxg3 13. hxg3 h5 14. Bg5 Bb7
15. f4 g6 16. Qd2 a5 17. a4 bxa3 18. Reb1 a2 19. Rxa2 a4 20. Rba1 Kd7 21. Nc1
c5 22. dxc5 Bxc5+ 23. Kh2 Rhc8 24. c3 a3 25. Nd3 Ra4 26. Qc2 Ra7 27. Rb1 Qc4
28. Nxc5+ Qxc5 29. Qb3 Qxc3 30. Rxa3 Qxb3 31. Raxb3 Ba6 32. Rb6 Rc6 33. Rb8 Rc2
34. Rd8+ Kc7 35. Rbb8 Bb7 36. Be7 Raa2 37. Bd6+ Kc6 38. Kh3 Rxg2 39. Kh4 Rh2+
40. Kg5 Rh3 41. Kf6 Rxg3 42. Ke7 d4 43. Rd7 Ra7 44. Rc7+ Kb6 45. Rc4 Rc3 46.
Rxd4 h4 47. Kxf7 h3 48. Rd2 Rg3 49. Rc2 Rg2 50. Bc5+ Ka6 51. Rxg2 hxg2 52. Kxe6
Be4 53. Rb6+ Ka5 54. Rb2 Ra6+ 55. Kd7 Rc6 56. Be3 Rc3 57. Bb6+ Ka6 58. e6 Bf5
59. Kd6 Rd3+ 60. Ke7 Rd1 61. Kf7 g1=Q 62. Bxg1 Rxg1 63. e7 Bd7 64. Rd2 Bb5 65.
Ra2+ Kb6 66. Rb2 Re1 67. Rxb5+ Kxb5 68. e8=Q+ 1-0

[Event "Tatry Open 2014"]
[Site "Tatranske Zruby SVK"]
[Date "2014.09.28"]
[Round "1.35"]
[White "Borsos, B."]
[Black "Holtman, Teodor"]
[Result "1-0"]
[WhiteElo "2224"]
[BlackElo "2086"]
[PlyCount "75"]
[EventDate "2014.09.28"]

1. d4 Nf6 2. Nf3 g6 3. g3 Bg7 4. Bg2 d6 5. O-O O-O 6. c4 c6 7. Nc3 Nbd7 8. e4
e5 9. d5 c5 10. a3 Nh5 11. b4 f5 12. Ng5 Nb6 13. Ne6 Bxe6 14. dxe6 f4 15. Rb1
cxb4 16. Nd5 Nxd5 17. cxd5 a5 18. axb4 a4 19. Qd3 Qb6 20. Kh1 g5 21. Bh3 Bf6
22. Ba3 Be7 23. Bf5 Rf6 24. Rbc1 Ng7 25. gxf4 gxf4 26. Rg1 Kh8 27. Rxg7 Kxg7
28. Qh3 Rh8 29. Qh4 Bd8 30. e7 Bxe7 31. Qg5+ Kf7 32. Be6+ Ke8 33. Rc8+ Qd8 34.
Qg7 Rhf8 35. Rxd8+ Kxd8 36. b5 f3 37. Bxd6 R8f7 38. Bxe7+ 1-0

[Event "Tatry Open 2014"]
[Site "Tatranske Zruby SVK"]
[Date "2014.09.28"]
[Round "1.36"]
[White "Czajkowski, R."]
[Black "Burnett, A."]
[Result "0-1"]
[WhiteElo "2084"]
[BlackElo "2222"]
[PlyCount "64"]
[EventDate "2014.09.28"]

1. d4 Nf6 2. c4 c5 3. d5 e5 4. Nc3 d6 5. e4 Nbd7 6. Nf3 a6 7. a4 g6 8. Be2 Bg7
9. h3 h6 10. Nh2 Nf8 11. O-O g5 12. h4 gxh4 13. f4 exf4 14. Bxf4 Ng6 15. Ra3
Qe7 16. Ng4 Nxf4 17. Rxf4 Nh5 18. Rf2 Bd4 19. e5 Bxg4 20. Bxg4 Ng3 21. e6 f5
22. Bh5+ Kd8 23. Rb3 h3 24. gxh3 Rg8 25. Bf7 Rg7 26. Kh2 Bxf2 27. Ne2 Nxe2 28.
Qxe2 Bd4 29. Qf1 Qh4 30. e7+ Kxe7 31. Rxb7+ Kf6 32. Bh5 Rxb7 0-1

[Event "Tatry Open 2014"]
[Site "Tatranske Zruby SVK"]
[Date "2014.09.28"]
[Round "1.37"]
[White "Volodin, V."]
[Black "Krajnak, Ja"]
[Result "1-0"]
[WhiteElo "2217"]
[BlackElo "2084"]
[PlyCount "59"]
[EventDate "2014.09.28"]

1. Nf3 d5 2. d4 c6 3. c4 dxc4 4. e3 b5 5. a4 Bg4 6. axb5 cxb5 7. b3 e5 8. h3
Bxf3 9. Qxf3 Nd7 10. bxc4 exd4 11. exd4 bxc4 12. Bxc4 Ngf6 13. O-O Be7 14. Qg3
O-O 15. Be2 Qb6 16. Bh6 Ne8 17. Be3 a5 18. Nc3 Ndf6 19. Qe5 Qd6 20. Qb5 Qd8 21.
Bf3 Rb8 22. Qxa5 Nc7 23. Rfb1 Qd7 24. Qa4 Ne6 25. Rxb8 Rxb8 26. d5 Nf8 27. Qxd7
N8xd7 28. Bf4 Rd8 29. Ra6 Ne8 30. Nb5 1-0

[Event "Tatry Open 2014"]
[Site "Tatranske Zruby SVK"]
[Date "2014.09.28"]
[Round "1.38"]
[White "Mitura, V."]
[Black "Ramik, Z."]
[Result "1/2-1/2"]
[WhiteElo "2083"]
[BlackElo "2216"]
[PlyCount "77"]
[EventDate "2014.09.28"]

1. d4 Nf6 2. Nf3 e6 3. Bg5 c5 4. e3 b6 5. Nbd2 Bb7 6. Bd3 cxd4 7. exd4 Be7 8.
c3 d6 9. O-O O-O 10. Re1 Nbd7 11. Qe2 Re8 12. Ba6 Qc8 13. Bxb7 Qxb7 14. Ne4
Nxe4 15. Qxe4 Qxe4 16. Rxe4 Bxg5 17. Nxg5 d5 18. Re2 h6 19. Nf3 b5 20. Ne5 Nxe5
21. Rxe5 Rab8 22. a3 f6 23. Re2 Kf7 24. f3 Rec8 25. Kf2 Rc6 26. Ke3 a5 27. Kd3
Rb7 28. Rc2 Ke7 29. Rac1 Kd6 30. Ra1 Rbc7 31. Rac1 e5 32. b3 a4 33. bxa4 bxa4
34. Rb1 Rc4 35. Rb6+ R7c6 36. Rxc6+ Kxc6 37. Rb2 exd4 38. cxd4 g5 39. Rc2
1/2-1/2

[Event "Tatry Open 2014"]
[Site "Tatranske Zruby SVK"]
[Date "2014.09.28"]
[Round "1.39"]
[White "Steiner, B."]
[Black "Dostal, R."]
[Result "1-0"]
[WhiteElo "2212"]
[BlackElo "2078"]
[PlyCount "57"]
[EventDate "2014.09.28"]

1. c4 c5 2. g3 g6 3. Bg2 Bg7 4. Nc3 Nc6 5. a3 a6 6. Rb1 Rb8 7. b4 cxb4 8. axb4
b5 9. cxb5 axb5 10. Nf3 d5 11. d4 Bf5 12. Rb3 e6 13. O-O Nge7 14. e3 O-O 15. h3
Qd7 16. Bb2 Rfc8 17. Qe2 Bf8 18. Rd1 Be4 19. Ne1 Bxg2 20. Kxg2 Nf5 21. Nd3
Nfxd4 22. exd4 Nxd4 23. Ne5 Nxe2 24. Nxd7 Nxc3 25. Bxc3 Rb7 26. Nf6+ Kh8 27.
Nxd5+ Bg7 28. Bxg7+ Kxg7 29. Ne3 1-0

[Event "Tatry Open 2014"]
[Site "Tatranske Zruby SVK"]
[Date "2014.09.28"]
[Round "1.40"]
[White "Giertli, V."]
[Black "Sikora, J."]
[Result "0-1"]
[WhiteElo "2078"]
[BlackElo "2211"]
[PlyCount "64"]
[EventDate "2014.09.28"]

1. e4 c5 2. f4 e6 3. Nf3 Nf6 4. e5 Nd5 5. g3 d6 6. Bg2 Nc6 7. Qe2 dxe5 8. Nxe5
Nd4 9. Qd1 Bd6 10. Nf3 Nf5 11. b3 Qa5 12. O-O h5 13. c4 Nf6 14. Nc3 h4 15. Ne2
hxg3 16. hxg3 Bd7 17. Ng5 Qc7 18. Bb2 Nxg3 19. Nxg3 Bxf4 20. Rxf4 Qxf4 21. N5e4
Nxe4 22. Nxe4 Bc6 23. Qf3 Qh2+ 24. Kf2 f5 25. Rh1 Bxe4 26. Rxh2 Rxh2 27. Qf4
Rxg2+ 28. Kf1 O-O-O 29. Qe5 Rh8 30. Qxe6+ Kb8 31. Qxe4 fxe4 32. Kxg2 Rd8 0-1

[Event "Tatry Open 2014"]
[Site "Tatranske Zruby SVK"]
[Date "2014.09.29"]
[Round "2.1"]
[White "Zambor, N."]
[Black "Biolek, R2."]
[Result "1-0"]
[WhiteElo "2279"]
[BlackElo "2432"]
[PlyCount "109"]
[EventDate "2014.09.28"]

1. e4 e6 2. d4 d5 3. Nd2 c5 4. exd5 exd5 5. Ngf3 Nc6 6. dxc5 Bxc5 7. Nb3 Bb6 8.
c3 Nf6 9. Be2 O-O 10. O-O h6 11. Nbd4 Re8 12. h3 Nxd4 13. Nxd4 Qd6 14. Bd3 Bc7
15. f4 Bb6 16. Bc2 Ne4 17. Kh2 Qf6 18. Qd3 Bxd4 19. Qxd4 Qxd4 20. cxd4 Bd7 21.
Re1 Nd6 22. Bd2 Nc4 23. Bc3 Rac8 24. Rxe8+ Rxe8 25. Bb3 Re4 26. Bxc4 dxc4 27.
Kg3 Re6 28. Re1 Rg6+ 29. Kf2 Rf6 30. Ke3 h5 31. d5 Rg6 32. Re2 b6 33. Kd4 Bb5
34. Re7 Rxg2 35. Rxa7 Re2 36. Rb7 f6 37. Rxb6 Bd7 38. h4 Bf5 39. a4 Re4+ 40.
Kc5 Rxf4 41. a5 Rf1 42. a6 Ra1 43. Rb8+ Kf7 44. Kb6 g5 45. a7 Be4 46. Rb7+ Kg6
47. Ba5 c3 48. bxc3 Rb1+ 49. Bb4 Ra1 50. c4 gxh4 51. Rb8 Bd3 52. a8=Q Rxa8 53.
Rxa8 h3 54. Bd6 Bxc4 55. Kc5 1-0

[Event "Tatry Open 2014"]
[Site "Tatranske Zruby SVK"]
[Date "2014.09.29"]
[Round "2.2"]
[White "Jasny, S."]
[Black "Prandstetter, E."]
[Result "1-0"]
[WhiteElo "2409"]
[BlackElo "2273"]
[PlyCount "53"]
[EventDate "2014.09.28"]

1. e4 e6 2. d4 d5 3. Nd2 Nf6 4. Bd3 c5 5. c3 Nc6 6. Ngf3 cxd4 7. cxd4 Nb4 8.
Bb1 dxe4 9. Nxe4 Nxe4 10. Bxe4 Be7 11. O-O O-O 12. a3 Nd5 13. Ne5 f6 14. Qh5 f5
15. Bc2 Nf6 16. Qd1 Nd7 17. Bb3 Nxe5 18. dxe5 Bc5 19. Qxd8 Rxd8 20. Bg5 Rd3 21.
Bc4 Rd4 22. Rac1 Re4 23. Ba2 b6 24. b4 Ba6 25. bxc5 Bxf1 26. Bxe6+ Kf8 27. Bd5
1-0

[Event "Tatry Open 2014"]
[Site "Tatranske Zruby SVK"]
[Date "2014.09.29"]
[Round "2.3"]
[White "Borosova, Z."]
[Black "Zambo, Z."]
[Result "0-1"]
[WhiteElo "2263"]
[BlackElo "2382"]
[PlyCount "126"]
[EventDate "2014.09.28"]

1. e4 d6 2. d4 Nf6 3. Nc3 c6 4. Nf3 Bg4 5. Be2 Nbd7 6. h3 Bxf3 7. Bxf3 e5 8.
O-O Be7 9. Ne2 Qb6 10. c3 Rd8 11. Be3 Qc7 12. Ng3 g6 13. Be2 h5 14. Bd3 h4 15.
Ne2 d5 16. exd5 Nxd5 17. Bd2 Kf8 18. Qc1 Kg7 19. f4 exd4 20. Nxd4 Qb6 21. Bc4
Qc5 22. Bb3 Bf6 23. f5 Rde8 24. fxg6 fxg6 25. Rf2 Qe7 26. Qf1 Rh5 27. Re1 Qf7
28. Nf3 Rxe1 29. Qxe1 Qe7 30. Qf1 Ne3 31. Qe2 Nf5 32. Qc4 Rh8 33. Nd4 Nxd4 34.
cxd4 Nb6 35. Qd3 Qd6 36. d5 Rf8 37. Bc2 Be5 38. Bh6+ Kxh6 39. Rxf8 Nxd5 40. Rf1
Qe6 41. Qe4 Qd6 42. Qxh4+ Kg7 43. Bb3 Nf4 44. Qg4 Nh5 45. Qf3 Qc5+ 46. Rf2 Bd4
47. Kf1 Qc1+ 48. Bd1 Bxf2 49. Kxf2 Qxb2+ 50. Be2 Qxa2 51. g4 Nf6 52. g5 Nd5 53.
Qg4 Qa3 54. Qd4+ Kh7 55. Bd3 Qf8+ 56. Kg3 Qd6+ 57. Kf3 Qe6 58. Qh4+ Kg8 59. Be4
Qd6 60. Qg4 Qa3+ 61. Kf2 Qc5+ 62. Kg3 Qg1+ 63. Bg2 Qxg2+ 0-1

[Event "Tatry Open 2014"]
[Site "Tatranske Zruby SVK"]
[Date "2014.09.29"]
[Round "2.4"]
[White "Vojta, T."]
[Black "Malik, J."]
[Result "1-0"]
[WhiteElo "2373"]
[BlackElo "2253"]
[PlyCount "105"]
[EventDate "2014.09.28"]

1. d4 d5 2. Nf3 Nf6 3. c3 g6 4. Bf4 Bg7 5. h3 O-O 6. e3 c5 7. Nbd2 Qb6 8. Qb3
Nc6 9. Be2 c4 10. Qxb6 axb6 11. O-O b5 12. Ne5 Nd7 13. Nxd7 Bxd7 14. Bf3 e5 15.
dxe5 Be6 16. a3 Nxe5 17. Bxe5 Bxe5 18. Be2 Bg7 19. Nf3 Rfe8 20. Rad1 b4 21.
axb4 Ra2 22. Rd2 Bf5 23. Rfd1 h6 24. Kf1 Be4 25. Nd4 Bxd4 26. exd4 g5 27. f3
Bf5 28. Kf2 Kg7 29. Re1 Re6 30. Bd1 Rxe1 31. Kxe1 Ra1 32. Kf2 Rb1 33. g4 Bg6
34. Kg3 h5 35. h4 gxh4+ 36. Kxh4 hxg4 37. Kxg4 Kf6 38. Kf4 Rc1 39. Ba4 Rf1 40.
Bd7 Be4 41. Bg4 Bd3 42. Rh2 Bg6 43. Re2 Be4 44. Re3 Bd3 45. Bc8 b6 46. Bb7 Rb1
47. Bxd5 Rxb2 48. Be4 Be2 49. Bc6 Bd3 50. d5 Bf5 51. Bb5 Rh2 52. Re8 Rc2 53.
Rb8 1-0

[Event "Tatry Open 2014"]
[Site "Tatranske Zruby SVK"]
[Date "2014.09.29"]
[Round "2.5"]
[White "Szotkowski, J."]
[Black "Berezjuk, S."]
[Result "0-1"]
[WhiteElo "2262"]
[BlackElo "2371"]
[PlyCount "46"]
[EventDate "2014.09.28"]

1. Nf3 d5 2. c4 d4 3. b4 f6 4. d3 e5 5. Ba3 Na6 6. b5 Nc5 7. g3 Be6 8. Bg2 Qd7
9. O-O Bh3 10. Bxh3 Qxh3 11. Nbd2 Nh6 12. Qc2 Ng4 13. Rae1 h5 14. e4 h4 15. Nb1
O-O-O 16. Bc1 g5 17. Re2 Ne6 18. Nbd2 Bb4 19. Qa4 Nf4 20. gxf4 gxf4 21. Qxb4
Rhg8 22. Kh1 Nxh2 23. Nxh2 Qg2# 0-1

[Event "Tatry Open 2014"]
[Site "Tatranske Zruby SVK"]
[Date "2014.09.29"]
[Round "2.6"]
[White "Langner, L1."]
[Black "Belunek, V."]
[Result "0-1"]
[WhiteElo "2363"]
[BlackElo "2226"]
[PlyCount "82"]
[EventDate "2014.09.28"]

1. e4 e5 2. Bc4 Nf6 3. d3 c6 4. Nf3 Be7 5. O-O d6 6. Re1 Nbd7 7. d4 O-O 8. dxe5
Nxe5 9. Nxe5 dxe5 10. Nd2 Bc5 11. h3 Qe7 12. Nb3 Bb6 13. a4 a5 14. Qe2 Be6 15.
Bd2 Nd7 16. Rad1 Nc5 17. Be3 Nxa4 18. Bxe6 Qxe6 19. Bxb6 Nxb6 20. Qd2 Nc4 21.
Qc3 b6 22. Nc1 Rfd8 23. Nd3 f6 24. b3 Na3 25. f4 Nb5 26. Qb2 Nd4 27. fxe5 fxe5
28. c3 Nxb3 29. Nxe5 Rxd1 30. Rxd1 a4 31. c4 Re8 32. Nf3 Qxc4 33. Kh2 Qxe4 34.
Re1 Qf4+ 35. g3 Qf8 36. Ne5 Qf6 37. Kg2 h6 38. Qe2 b5 39. Qh5 Rf8 40. Ng4 Qf7
41. Qe5 Qd5+ 0-1

[Event "Tatry Open 2014"]
[Site "Tatranske Zruby SVK"]
[Date "2014.09.29"]
[Round "2.7"]
[White "Vojtek, V."]
[Black "Borsos, B."]
[Result "1-0"]
[WhiteElo "2336"]
[BlackElo "2224"]
[PlyCount "107"]
[EventDate "2014.09.28"]

1. e4 e5 2. Nf3 Nc6 3. Bb5 Nf6 4. d3 Bc5 5. O-O d6 6. c3 Bb6 7. Nbd2 O-O 8. Nc4
Ne7 9. d4 Nxe4 10. Nxb6 axb6 11. Bd3 Nf6 12. dxe5 dxe5 13. Nxe5 Bf5 14. Bxf5
Nxf5 15. Qf3 Nd6 16. Bg5 Ra5 17. Bxf6 Qxf6 18. Qxf6 gxf6 19. Nd7 Rfa8 20. Rad1
Rxa2 21. Nxf6+ Kg7 22. Nd5 Ne8 23. b4 Rd8 24. Nxc7 Rxd1 25. Nxe8+ Kf8 26. Rxd1
Kxe8 27. g4 Rc2 28. Rd3 Kf8 29. Kg2 Kg7 30. Kg3 Kg6 31. h4 h6 32. f3 Kg7 33.
Kf4 h5 34. gxh5 b5 35. Ke3 Rc1 36. Kd4 Re1 37. Kc5 Re5+ 38. Rd5 Re3 39. Kd4
Rxf3 40. Rxb5 Rf4+ 41. Kd3 Rf3+ 42. Kc2 f5 43. Rxb7+ Kh6 44. b5 f4 45. b6 Rf2+
46. Kb3 Rf1 47. Rf7 Kxh5 48. b7 Kg6 49. Rxf4 Rb1+ 50. Ka4 Rxb7 51. c4 Rb1 52.
c5 Rb8 53. c6 Kg7 54. Ka5 1-0

[Event "Tatry Open 2014"]
[Site "Tatranske Zruby SVK"]
[Date "2014.09.29"]
[Round "2.8"]
[White "Michenka, J."]
[Black "Volodin, V."]
[Result "1-0"]
[WhiteElo "2326"]
[BlackElo "2217"]
[PlyCount "85"]
[EventDate "2014.09.28"]

1. d4 d5 2. c4 e6 3. Nc3 c6 4. Nf3 Nf6 5. Bg5 h6 6. Bxf6 Qxf6 7. Qc2 Nd7 8. e4
dxe4 9. Qxe4 Bd6 10. Bd3 Qf4 11. Qe2 O-O 12. g3 Qf6 13. O-O-O c5 14. Bc2 a6 15.
Qd3 g6 16. Ne4 Qe7 17. Nh4 Nf6 18. Nxd6 Qxd6 19. Nxg6 fxg6 20. Qxg6+ Kh8 21.
Qxh6+ Kg8 22. Rhe1 cxd4 23. f4 Kf7 24. Bg6+ Ke7 25. Qg7+ Kd8 26. Rxd4 Qxd4 27.
Rd1 Qxd1+ 28. Kxd1 Nd7 29. c5 Rf6 30. Be4 a5 31. h4 Ra6 32. c6 Rxc6 33. Bxc6
bxc6 34. h5 Rf5 35. g4 Rd5+ 36. Ke1 Nc5 37. h6 Nd3+ 38. Kf1 Ba6 39. Kg1 Nc5 40.
h7 Rd1+ 41. Kh2 Rd2+ 42. Kg3 Ne4+ 43. Kf3 1-0

[Event "Tatry Open 2014"]
[Site "Tatranske Zruby SVK"]
[Date "2014.09.29"]
[Round "2.9"]
[White "Jarmula, L."]
[Black "Steiner, B."]
[Result "1-0"]
[WhiteElo "2314"]
[BlackElo "2212"]
[PlyCount "115"]
[EventDate "2014.09.28"]

1. e4 e5 2. Nf3 Nc6 3. Bb5 a6 4. Ba4 Nf6 5. O-O Be7 6. Re1 b5 7. Bb3 d6 8. c3
O-O 9. h3 Re8 10. d4 Bf8 11. Nbd2 h6 12. a3 Bb7 13. d5 Nb8 14. Nh2 c6 15. dxc6
Bxc6 16. Ng4 Nbd7 17. Qf3 Qe7 18. Nf1 Kh7 19. Ng3 g6 20. Be3 Bg7 21. Rad1 Rad8
22. Rd2 Nc5 23. Nxf6+ Bxf6 24. Bd5 Bxd5 25. Rxd5 Ne6 26. Red1 Nc7 27. R5d3 Rd7
28. Bc5 Red8 29. Bb6 Rc8 30. Bxc7 Rcxc7 31. Nf1 Bg5 32. Rd5 Rc6 33. Qd3 h5 34.
Nh2 f6 35. Nf3 Bh6 36. Ne1 Bf8 37. Nc2 Rb7 38. Qf3 a5 39. Qd3 Rcb6 40. b4 a4
41. Ne3 Qc7 42. c4 Qc6 43. Rd2 Bh6 44. cxb5 Qc7 45. Rxd6 Rxd6 46. Qxd6 Qc1+ 47.
Rd1 Qxa3 48. Nd5 Bg7 49. Qc6 Qb3 50. Ra1 Rf7 51. b6 a3 52. Qc3 Qa4 53. Qxa3 Qc2
54. Qa7 Rf8 55. b7 Qxe4 56. b8=Q Rxb8 57. Nxf6+ Kh6 58. Nxe4 1-0

[Event "Tatry Open 2014"]
[Site "Tatranske Zruby SVK"]
[Date "2014.09.29"]
[Round "2.10"]
[White "Burnett, A."]
[Black "Constantinou, Pe"]
[Result "1/2-1/2"]
[WhiteElo "2222"]
[BlackElo "2311"]
[PlyCount "58"]
[EventDate "2014.09.28"]

1. c4 c6 2. d4 d5 3. Nf3 Nf6 4. Nc3 a6 5. g3 dxc4 6. Bg2 b5 7. Ne5 Bb7 8. a4 e6
9. Bg5 h6 10. axb5 axb5 11. Rxa8 Bxa8 12. Qa1 Bb7 13. Qa7 Qc8 14. Bxf6 gxf6 15.
Ng4 Nd7 16. Nxb5 h5 17. Ne3 cxb5 18. Qxb7 Qxb7 19. Bxb7 Bb4+ 20. Kd1 Ke7 21.
Kc2 h4 22. Bc6 hxg3 23. fxg3 Rb8 24. Ra1 Nf8 25. h4 f5 26. Ra7+ Kd6 27. Ra6 Ke7
28. Ra7+ Kd6 29. Ra6 Ke7 1/2-1/2

[Event "Tatry Open 2014"]
[Site "Tatranske Zruby SVK"]
[Date "2014.09.29"]
[Round "2.11"]
[White "Sikora, J."]
[Black "Kernazhitsky, L."]
[Result "1/2-1/2"]
[WhiteElo "2211"]
[BlackElo "2298"]
[PlyCount "50"]
[EventDate "2014.09.28"]

1. e4 d5 2. exd5 Qxd5 3. Nc3 Qd8 4. d4 Nf6 5. Nf3 Bg4 6. Bc4 e6 7. h3 Bxf3 8.
Qxf3 c6 9. Be3 Nbd7 10. O-O Bd6 11. Rfe1 O-O 12. Rad1 Re8 13. Ne4 Nxe4 14. Qxe4
Qc7 15. Bd3 g6 16. Qh4 Be7 17. Bg5 Bxg5 18. Qxg5 Kg7 19. Re4 h6 20. Qd2 Nf6 21.
Re5 Rad8 22. c3 Nd7 23. Re4 Nf6 24. Re5 Nd7 25. Re4 Nf6 1/2-1/2

[Event "Tatry Open 2014"]
[Site "Tatranske Zruby SVK"]
[Date "2014.09.29"]
[Round "2.12"]
[White "Pagerka, M."]
[Black "Miciak, M."]
[Result "1-0"]
[WhiteElo "2297"]
[BlackElo "2087"]
[PlyCount "77"]
[EventDate "2014.09.28"]

1. e4 e5 2. Nf3 Nc6 3. Bb5 a6 4. Ba4 Nf6 5. O-O b5 6. Bb3 Bc5 7. Re1 d6 8. c3
Bg4 9. a4 O-O 10. h3 Bh5 11. d3 Na5 12. Bc2 b4 13. Nbd2 Rb8 14. Nf1 Nd7 15. g4
Bg6 16. Ng3 h5 17. gxh5 Bh7 18. h6 g6 19. d4 b3 20. Bd3 Ba7 21. Bxa6 f5 22. Bg5
Qe8 23. exf5 gxf5 24. dxe5 Qg6 25. Qd5+ Kh8 26. Qxa5 f4 27. Ne4 Qh5 28. Ned2
Rf5 29. Qxc7 Rg8 30. Kf1 Qxh3+ 31. Ke2 Rgxg5 32. Qd8+ Nf8 33. Nxg5 Rxe5+ 34.
Nde4 Qg4+ 35. Kd2 Be3+ 36. fxe3 Qg2+ 37. Be2 fxe3+ 38. Kc1 Rf5 39. Qe7 1-0

[Event "Tatry Open 2014"]
[Site "Tatranske Zruby SVK"]
[Date "2014.09.29"]
[Round "2.13"]
[White "Marek, Mat"]
[Black "Vul, A."]
[Result "0-1"]
[WhiteElo "2200"]
[BlackElo "2294"]
[PlyCount "87"]
[EventDate "2014.09.28"]

1. e4 e5 2. Nf3 Nc6 3. Bb5 g6 4. c3 Nge7 5. d4 exd4 6. cxd4 d5 7. Bg5 dxe4 8.
Ne5 Qd6 9. O-O Bg7 10. Bxe7 Kxe7 11. Bxc6 Bxe5 12. dxe5 Qxd1 13. Rxd1 bxc6 14.
Nd2 Bf5 15. Nb3 Rab8 16. Rac1 Rb6 17. Kf1 Rd8 18. Nd4 Rd5 19. b3 Bd7 20. f4
exf3 21. Nxf3 Rxd1+ 22. Rxd1 c5 23. Rc1 c4 24. Nd2 cxb3 25. Nxb3 Rc6 26. Rc5
Rxc5 27. Nxc5 Bb5+ 28. Kf2 f6 29. exf6+ Kxf6 30. Ke3 Ke5 31. g4 g5 32. Ne4 h6
33. Ng3 Bd7 34. h3 Be6 35. a3 Bd5 36. Kf2 c5 37. Ne2 Bc4 38. Ng3 Bd3 39. Ke3 c4
40. Nh5 Bf1 41. Ng3 Bxh3 42. Kf3 c3 43. Ne2 c2 44. Nc1 0-1